Strach a učení

Na minha lista:
Detalhes bibliográficos
Autor principal: Kubíková, Kateřina
Formato: Livro
Idioma:tcheco
Publicado em: Praha GRADA 2024
Edição:1. vydání
Assuntos:
Tags: Adicionar Tag
Sem tags, seja o primeiro a adicionar uma tag!

MARC

LEADER 00000nam a2200000 4500
001 0307409
005 20250430122730.4
020 |a 978-80-271-5060-1 
041 0 |a cze 
044 |a CZ 
245 1 0 |a Strach a učení  |c Kateřina Kubíková 
250 |a 1. vydání 
264 1 |a Praha  |b GRADA  |c 2024 
300 |a 190 s. 
610 2 0 |a psychológia 
610 2 0 |a vzdelávanie 
610 2 0 |a emócie 
610 2 0 |a motivácia 
100 1 |a Kubíková, Kateřina